000 01603pab a2200157 454500
008 180718b2000 xxu||||| |||| 00| 0 eng d
100 _aBoase, Joan Price
245 _aBeyond government? the appeal of public-private partnerships
260 _c2000
300 _ap.75-92
362 _aSpring
520 _aFor the most part, the considerable literature devoted to new public management and its subset, alternative service delivery, is enthusiastic about this dramatic shift in the role of government. The metaphor of governments steering and the private sector rowing is an appealing one that has captured the imagination of many public officials and private-sector actors. Literature addressing this phenomenon tends to focus on defining the characteristics of various forms of government/private-sector partnerships rather than on assessing the implications and results of actual examples. This paper attempts to complement the existing literature by examining six cases of public-private partnerships, of both high and low prifile - the Confederation Bridge; the Charleswood Bridge; CANARIE; RCMP/Disney; Highway 407; and Chrysler/University of Windsor. The higher profile (and more costly) ventures have placed heavy emphasis on confidentiality, which raises concerns about traditional public-sector values such as accountability, democracy and neutrality. The conclusions of the article are mixed, but at the very least, they suggest the need for caution, vigilance and scepticism. - Reproduced
650 _aPublic administration
773 _aCanadian Public Administration
909 _a46353
999 _c46353
_d46353